000
00314pam a2200133 a 4500
020
_c
041
_h
082
_a
658.155
_b
VAS
100
_a
VASWANI T.A.,
245
_a
BANKER AND THE BALANCE SHEET
_h
Textual Documents
260
_a
BOMBAY
_b
LALVANI PUBLISHING HOUSE
_c
1967
300
_a
XVI+247
930
_a
7410
999
_c
126873
_d
126873